Gramsci y la cuestión religiosa / (Record no. 26420)

MARC details
000 -CABECERA
campo de control de longitud fija 00665nam a2200205 a 4500
005 - FECHA Y HORA DE LA ÚLTIMA TRANSACCIÓN
campo de control 20221006063436.0
008 - ELEMENTOS DE LONGITUD FIJA--INFORMACIÓN GENERAL
campo de control de longitud fija 991125s1977 bar 000 0 spa u
020 ## - NÚMERO INTERNACIONAL NORMALIZADO PARA LIBROS
Número Internacional Estándar del Libro 8472224872
035 ## - NÚMERO DE CONTROL DEL SISTEMA
Número de control de sistema UPN01000026420
049 ## - COLECCIÓN
Colección CG
050 #4 - SIGNATURA TOPOGRÁFICA DE LA BIBLIOTECA DEL CONGRESO
Número de clasificación BL60
Número de documento/Ítem P6.38
100 1# - ASIENTO PRINCIPAL--NOMBRE PERSONAL
Nombre de persona Portelli, Hugues
245 10 - MENCIÓN DE TÍTULO
Título Gramsci y la cuestión religiosa /
Mención de responsabilidad, etc. Hugues Portelli ; pref. Jean-Pierre Cot ; tr. José Cano Tembleque.
260 ## - PUBLICACIÓN, DISTRIBUCIÓN, ETC.
Lugar de publicación, distribución, etc. Barcelona, Esp. :
Nombre del editor, distribuidor, etc. Laia,
Fecha de publicación, distribución, etc. 1977.
300 ## - DESCRIPCIÓN FÍSICA
Extensión 240, [6] p.
440 #0 - MENCIÓN DE SERIE/ASIENTO SECUNDARIO--TÍTULO
Título Papel 451 ;
Designación de volumen o secuencia 40.
Nombre de parte o sección de la obra Política
600 17 - ASIENTO SECUNDARIO DE MATERIA - NOMBRE PERSONAL
Nombre de persona Gramsci, Antonio,
Fechas asociadas al nombre 1891-1937
Subdivisión general Critica e interpretación
Fuente del encabezamiento o término
9 (RLIN) 16836
650 #2 - ASIENTO SECUNDARIO DE MATERIA - TERMINO TEMATICO
Término de materia o nombre geográfico como elemento de entrada Religión y sociología
9 (RLIN) 6349
905 ## - TIPO DE MATERIAL
Tipo de material Libro
Holdings
Estado de retiro Estado de pérdida Fuente del sistema de clasificación o colocación Estado dañado No para préstamo Código de colección Localización permanente Ubicación/localización actual Ubicación en estantería Enumeración/cronología de publicación seriada Total de préstamos Clasificación Código de barras Fecha visto por última vez Número de copia Tipo de ítem Koha
    Library of Congress Classification     Colección General Bib. Gregorio Torres Quintero Bib. Gregorio Torres Quintero Planta baja -   BL60 P6.38 21024 31/12/2020 1 Libro